Alte und neue Balladen und Lieder; (Record no. 91710)
[ view plain ]
| 000 -LEADER | |
|---|---|
| fixed length control field | 00523cam a2200181u 4500 |
| 001 - CONTROL NUMBER | |
| control field | unk85067701 |
| 003 - CONTROL NUMBER IDENTIFIER | |
| control field | DLC |
| 005 - DATE AND TIME OF LATEST TRANSACTION | |
| control field | 20260227112803.0 |
| 008 - FIXED-LENGTH DATA ELEMENTS--GENERAL INFORMATION | |
| fixed length control field | 860324s1916 gw 000 0 ger |
| 010 ## - LIBRARY OF CONGRESS CONTROL NUMBER | |
| LC control number | unk85067701 |
| 040 ## - CATALOGING SOURCE | |
| Original cataloging agency | DLC |
| Transcribing agency | CarP |
| Modifying agency | DLC |
| 050 00 - LIBRARY OF CONGRESS CALL NUMBER | |
| Classification number | M1734.M948 |
| Item number | A4 |
| 100 1# - MAIN ENTRY--PERSONAL NAME | |
| Personal name | Münchhausen, Börries, |
| Titles and words associated with a name | Freiherr von, |
| Dates associated with a name | 1874-1945, |
| Relator term | comp. |
| 245 10 - TITLE STATEMENT | |
| Title | Alte und neue Balladen und Lieder; |
| Remainder of title | Auswahl fürs Feld. |
| 260 ## - PUBLICATION, DISTRIBUTION, ETC. | |
| Place of publication, distribution, etc. | Berlin, |
| Name of publisher, distributor, etc. | E. Fleischel, |
| Date of publication, distribution, etc. | 1916. |
| 300 ## - PHYSICAL DESCRIPTION | |
| Extent | 95 p. |
| Other physical details | cm. |
| 500 ## - GENERAL NOTE | |
| General note | Without the music. |
No items available.